ბათუმის შოთა რუსთაველის სახელმწიფო უნივერსიტეტის ბიბლიოთეკა

საქართველოს სამკურნალო მცენარეები : (ბიბ.ჩანაწერი № 51021)

000 -ლიდერი
ფიქსირებული სიგრძის საკონტროლო ველი 01256nam a2200253Ia 4500
001 - საკონტროლო ნომერი
საკონტროლო ველი 17978
003 - საკონტროლო ნომრის იდენტიფიკატორი
საკონტროლო ველი GE_BSU
005 - ბოლო ოპერაციის თარიღი და დრო
საკონტროლო ველი 20250304110124.0
008 - ფიქსირებული სიგრძის მონაცემთა ელემენტები - ზოგადი ინფორმაცია
ფიქსირებული სიგრძის საკონტროლო ველი 181216s2002||||ge |||||||||||||| ||geo||
020 ## - წიგნის საერთაშორისო სტანდარტული ნომერი
International Standard Book Number 9992846623
040 ## - კატალოგიზაციის წყარო
Transcribing agency GE_BSU
041 ## - ენის კოდი
Language code of text/sound track or separate title geo
080 ## - უნივერსალური ათობითი კლასიფიკაციის ინდექსი
Universal Decimal Classification number 581.6(479.22):615.32(479.22)+615.322 კ-75
100 ## - მთავარი ჩანაწერი - პიროვნების სახელი
Personal name კოპალიანი, ლია
9 (RLIN) 24437
245 ## - ცნობა სათაურის შესახებ
Title საქართველოს სამკურნალო მცენარეები :
Remainder of title უძველესი და თანამედროვე ფიტოთერაპია /
Statement of responsibility, etc ლია კოპალიანი ; [რედ. ა. მიქელაძე].
250 ## - გამოცემის ცნობა
Edition statement მე-2 გამოცემა
264 ## - წარმოების, გამოცემის, დისტრიბუციის და სხვა ცნობები
გამოცემის, წარმოების, დისტრიბუციის... ადგილი ქუთაისი :
გამოცემის, წარმოების, დისტრიბუციის... სახელწოდება საგამომცემლო ცენტრი,
გამოცემის, წარმოების, დისტრიბუციის... თარიღი 2002.
300 ## - ფიზიკური აღწერა
Extent 380 გვ. ;
Dimensions 20 სმ.
504 ## - BIBLIOGRAPHY, ETC. NOTE
Bibliography, etc ბიბლიოგრ. : გვ. 370
653 ## - INDEX TERM--UNCONTROLLED
Uncontrolled term საქართველოს სამკურნალო მცენარეები
653 ## - INDEX TERM--UNCONTROLLED
Uncontrolled term უძველესი და თანამედროვე ფიტოთერაპია
700 ## - ADDED ENTRY--PERSONAL NAME
Personal name მიქელაძე, ა.
Relator term რედაქტორი
9 (RLIN) 24438
942 ## - ADDED ENTRY ELEMENTS (KOHA)
Koha item type წიგნი
Source of classification or shelving scheme
ეგზემპლარები
ჩამოწერის სტატუსი დაკარგული ეგზემპლარის სტატუსი კლასიფიკაციის წყარო ან თაროზე გაწყობის სქემა დაზიანების სტატუსი არ გაიცემა მუდმივი მდებარეობა (დაცვის ადგილი) ამჟამინდელი ადგილსამყოფელი თაროზე განთავსების ადგილი შეძენის თარიღი სრული შენახვის შიფრი შტრიხკოდი ბოლო ოპერაციის თარიღი ეგზემპლარის მიმდევრობითი ნომერი (კეტერი?) ფასის ძალაში შესვლის თარიღი ეგზემპლარის სახეობა
          ბათუმის შოთა რუსთაველის სახელმწიფო უნივერსიტეტის მთავარი ბიბლიოთეკა ბათუმის შოთა რუსთაველის სახელმწიფო უნივერსიტეტის მთავარი ბიბლიოთეკა წიგნსაცავი 2018-12-17 581.6(479.22):615.32(479.22)+615.322 კ-75 27768 2018-12-17 27768 2018-12-17 წიგნი